000
00340nam a2200157Ia 4500
008
210210b1946 xxu||||| |||| 00| 0 eng d
041
_a
eng
082
_a
828/488
100
_a
PEARSON (Hesketh)
245
_a
Conan Doyle
260
_a
London
_b
-
_c
1946
650
_a
Doyle
650
_a
Conan
690
_a
Biography
906
_a
016332
999
_c
135835
_d
135835